000
00256nam a22001097a 4500
040
_c
SCME
100
_a
Syed shujaat hussain
_9
1628
245
_a
My life a memoir
260
_a
Islamabad
_b
NUST Press,
_c
2014
300
_a
263 p. ;
_c
24 cm.
942
_2
ddc
_c
BK
999
_c
593326
_d
593326